| 000 | 01969nam0a2200493 4500 | ||
|---|---|---|---|
| 001 | RU\NLR\bibl\1890666 | ||
| 005 | 20250616194828.0 | ||
| 010 |
_a978-5-9704-1932-8 _92000 |
||
| 021 |
_aRU _b2012-20451 _91548 |
||
| 035 | _a(nilc)LIBNET\0000225985 | ||
| 035 | _a2VIL\RUSMED\0000207827 | ||
| 035 | _a(NLR Aleph) 001880359 | ||
| 090 |
_a2782353 _c2782353 |
||
| 100 | _a20120329d2012 |||y0rusy50 ca | ||
| 101 | 1 |
_arus _ceng |
|
| 102 | _aRU | ||
| 105 | _aa z ||||| | ||
| 200 | 1 |
_aАтлас по кольпоскопии _fШакунтала Б. Балига _gпер. с англ. З.В. Лохановой _gпод ред. проф. С.И. Роговской |
|
| 210 |
_aМосква _cГЭОТАР-Медиа _d2012 |
||
| 215 |
_a248 с. _cцв. ил. _d30 |
||
| 300 | _aЗагл. и авт. ориг.: Principles and practice of colposcopy / B. Shakuntala Baliga | ||
| 320 | _aБиблиогр. в конце гл. | ||
| 320 | _aПредм. указ.: с. 247-248 | ||
| 454 | 0 |
_12001#$aPrinciples and practice of colposcopy$fB. Shakuntala Baliga _1700#1$aBaliga$bB.Sh.$gB. Shakuntala _tPrinciples and practice of colposcopy _aBaliga, B. Shakuntala |
|
| 606 | 1 |
_aКОЛЬПОСКОПИЯ _jатласы _2rus_mesh _3R3228 |
|
| 606 | 1 |
_aКольпоскопия _jАтласы _91321432 _3RU\NLR\auth\66233224 |
|
| 606 | 1 |
_aCOLPOSCOPY _2rus_mesh _3E3228 |
|
| 686 |
_a76.29.48 _2rugasnti |
||
| 686 |
_a76.01.33 _2rugasnti |
||
| 686 |
_aE01.370.378.150 _v2011 _2MESH |
||
| 686 |
_aE01.370.388.250.150 _v2011 _2MESH |
||
| 686 |
_aE04.520.150 _v2011 _2MESH |
||
| 686 |
_aE04.800.250.150 _v2011 _2MESH |
||
| 686 |
_aE04.950.300.210 _v2011 _2MESH |
||
| 686 | _aР715-433я61 | ||
| 700 | 1 |
_aБалига _bШ. Б. _gШакунтала Б. _4070 |
|
| 801 | 0 |
_aRU _bЦНМБ _c20120329 _gPSBO |
|
| 801 | 1 |
_aRU _bЦНМБ _c20120329 |
|
| 801 | 2 |
_aRU _bЦНМБ _c20120406 |
|
| 801 | 2 |
_aRU _bNLR _c20120410 _grcr |
|
| 942 | _cBOOK | ||
| 980 | _aNBR | ||
| 980 | _aNB | ||